Statistics for Roman Numeral Encoder

Click here to take the quiz!

General Stats

  • This quiz has been taken 192 times
  • The average score is 8 of 11

Answer Stats

Arabian NumberRoman% Correct
12XII
89%
1101MCI
86%
27XXVII
85%
62LXII
78%
73LXXIII
77%
280CCLXXX
74%
49XLIX
74%
190CXC
73%
810DCCCX
70%
561DLXI
69%
6678(V)MDCLXXVIII
24%

Score Distribution

Percentile by Number Answered

Percent of People with Each Score

Your Score History

You have not taken this quiz